[Event "Logumkloster op"]
[Site "Logumkloster"]
[Date "2022.03.22"]
[Round "7"]
[White "Baagoe, Hans Chr"]
[Black "Jensen, Scot Wolfgang"]
[Result "1-0"]
[WhiteElo "1633"]
[BlackElo "1581"]
[PlyCount "85"]
[EventDate "2022.03.22"]
[EventType "swiss"]
[EventRounds "7"]
[EventCountry "DEN"]
[SourceTitle "EXT 2024"]
[Source "ChessBase"]
[SourceDate "2023.10.10"]
[SourceVersion "1"]
[SourceVersionDate "2023.10.10"]
[SourceQuality "1"]

1. d4 d5 2. c4 Nf6 3. cxd5 Qxd5 4. Nc3 Qa5 5. Nf3 e6 6. e3 a6 7. Be2 Bd7 8. 0-0 h5 9. Ne5 Bd6 10. Nc4 Qg5 11. e4 Bf4 12. g3 Bxc1 13. Qxc1 Qxc1 14. Raxc1 Nc6 15. Rfd1 g5 16. d5 exd5 17. exd5 Ne7 18. d6 b5 19. dxe7 bxc4 20. Bxc4 Be6 21. Nd5 Nxd5 22. Bxd5 Bxd5 23. Rxd5 Kxe7 24. Rxc7+ Ke6 25. Rxg5 Rad8 26. h4 Rd6 27. Rcc5 f6 28. Rxh5 Rxh5 29. Rxh5 Rd2 30. Ra5 Rd6 31. b4 Rb6 32. a3 Rd6 33. Kg2 Rb6 34. g4 Rd6 35. f3 Kf7 36. a4 Rb6 37. b5 axb5 38. Rxb5 Rd6 39. a5 Ra6 40. h5 Kg7 41. Kg3 Kh6 42. Kh4 Ra7 43. Rb6 1-0

[Event "Logumkloster op"]
[Site "Logumkloster"]
[Date "2022.03.22"]
[Round "5"]
[White "Jensen, Scot Wolfgang"]
[Black "Beckovic, Dzano"]
[Result "0-1"]
[WhiteElo "1581"]
[BlackElo "1649"]
[PlyCount "110"]
[EventDate "2022.03.22"]
[EventType "swiss"]
[EventRounds "7"]
[EventCountry "DEN"]
[SourceTitle "EXT 2024"]
[Source "ChessBase"]
[SourceDate "2023.10.10"]
[SourceVersion "1"]
[SourceVersionDate "2023.10.10"]
[SourceQuality "1"]

1. e4 d5 2. e5 Bf5 3. d4 a6 4. a3 e6 5. h4 h6 6. Bd2 c5 7. c3 Nc6 8. Nf3 Qb6 9. b3 cxd4 10. Bf4 Bxb1 11. Rxb1 dxc3 12. b4 d4 13. b5 axb5 14. Bxb5 Qc5 15. Bxc6+ Qxc6 16. Nxd4 Qc7 17. Be3 Ne7 18. 0-0 Nd5 19. Qc2 Qxe5 20. Nf3 Nxe3 21. fxe3 Qc7 22. Rb3 Rxa3 23. Rfb1 Rxb3 24. Rxb3 Bc5 25. Rxc3 b6 26. Qa4+ Ke7 27. Nd4 Rc8 28. Kf1 Kf8 29. Nb5 Qc6 30. Qc4 Qb7 31. Nd4 Qe4 32. Nc2 Qe5 33. Qd3 Kg8 34. Rc4 g5 35. Qe4 Qf6+ 36. Qf3 Qd8 37. Qe2 f5 38. e4 f4 39. hxg5 Qxg5 40. Rc3 Rd8 41. Rh3 Kh7 42. Rh5 Qg6 43. Rh3 Rg8 44. Rd3 Rg7 45. Qf3 e5 46. Rd8 Qg5 47. Rd5 Ra7 48. Ne1 Rg7 49. g4 h5 50. gxh5 Qg1+ 51. Ke2 Qh2+ 52. Kf1 Rg5 53. Ng2 Qh1+ 54. Ke2 Rxg2+ 55. Qxg2 Qxg2+ 0-1

[Event "DEN-ch Seniors 65"]
[Site "Logumkloster"]
[Date "2020.02.11"]
[Round "3"]
[White "Bucka Lassen, Edlef"]
[Black "Jensen, Scot Wolfgang"]
[Result "0-1"]
[WhiteElo "1520"]
[BlackElo "1609"]
[PlyCount "54"]
[EventDate "2020.02.09"]
[EventType "swiss"]
[EventRounds "7"]
[EventCountry "DEN"]
[SourceTitle "EXT 2021"]
[Source "ChessBase"]
[SourceDate "2020.10.23"]
[SourceVersion "1"]
[SourceVersionDate "2020.10.23"]
[SourceQuality "1"]

1. c4 e5 2. Nc3 Nc6 3. g3 Bc5 4. Bg2 Qf6 5. e3 Nb4 6. d3 c6 7. a3 Na6 8. b4 Be7 9. Nge2 d6 10. 0-0 h5 11. f4 h4 12. fxe5 Qxe5 13. d4 Qh5 14. Nf4 Qxd1 15. Rxd1 hxg3 16. hxg3 g5 17. Nd3 Nc7 18. Rf1 Bh3 19. Rf2 Bxg2 20. Kxg2 f6 21. Bb2 0-0-0 22. b5 d5 23. bxc6 bxc6 24. c5 Nh6 25. Nb4 Kd7 26. e4 Ng4 27. Kf3 Nxf2 0-1

[Event "DEN-ch Seniors 65"]
[Site "Logumkloster"]
[Date "2020.02.09"]
[Round "1"]
[White "Jensen, Scot Wolfgang"]
[Black "Christiansen, Arne"]
[Result "0-1"]
[WhiteElo "1609"]
[BlackElo "2000"]
[PlyCount "76"]
[EventDate "2020.02.09"]
[EventType "swiss"]
[EventRounds "7"]
[EventCountry "DEN"]
[SourceTitle "EXT 2021"]
[Source "ChessBase"]
[SourceDate "2020.10.23"]
[SourceVersion "1"]
[SourceVersionDate "2020.10.23"]
[SourceQuality "1"]

1. e4 d6 2. Nc3 g6 3. Nf3 Bg7 4. d4 Nf6 5. Bc4 0-0 6. Be3 c6 7. h3 b5 8. Bb3 b4 9. e5 bxc3 10. exf6 Bxf6 11. bxc3 Ba6 12. Qd2 Nd7 13. c4 Nb6 14. Qc3 c5 15. Bg5 Bg7 16. Rd1 Rc8 17. 0-0 cxd4 18. Qa5 Bxc4 19. Rfe1 f6 20. Bc1 e5 21. Qxa7 Bxb3 22. cxb3 Ra8 23. Qb7 Rf7 24. Qc6 Bf8 25. a4 Qc7 26. Qb5 Qc5 27. Qe2 Nd5 28. Qa2 Nc3 29. Ba3 Nxa2 30. Bxc5 dxc5 31. Nd2 Nc3 32. Ra1 Rb7 33. a5 Bh6 34. Nc4 Rxb3 35. a6 Rb4 36. Nxe5 fxe5 37. Rxe5 Rb1+ 38. Rxb1 Nxb1 0-1

[Event "Border op 9th"]
[Site "Niebuell,Leck,Tonder,Oster Ho"]
[Date "2019.05.13"]
[Round "9"]
[White "Jensen, Scot Wolfgang"]
[Black "Jensen, Jens Peter"]
[Result "1-0"]
[WhiteElo "1674"]
[BlackElo "1469"]
[PlyCount "59"]
[EventDate "2018.09.24"]
[EventType "swiss"]
[EventRounds "9"]
[EventCountry "DEN"]
[SourceTitle "EXT 2020"]
[Source "ChessBase"]
[SourceDate "2019.10.17"]
[SourceVersion "1"]
[SourceVersionDate "2019.10.17"]
[SourceQuality "1"]

1. e4 e5 2. Nf3 d6 3. Bc4 Be7 4. d4 exd4 5. Qxd4 Nf6 6. Nc3 0-0 7. h3 Nc6 8. Qd1 h6 9. a3 a6 10. Be3 Ne5 11. Bb3 Be6 12. Nd5 Nxe4 13. Nxe7+ Qxe7 14. Qd4 Nxf3+ 15. gxf3 Nf6 16. Rg1 Kh7 17. c4 Bxh3 18. 0-0-0 Rad8 19. Qh4 Bf5 20. Rde1 Qd7 21. Bd4 g5 22. Rxg5 Rfe8 23. Re3 Rxe3 24. fxe3 Qe6 25. Rxf5 Qxf5 26. Bc2 Qxc2+ 27. Kxc2 Ng8 28. Qe4+ f5 29. Qe6 h5 30. Qf7+ 1-0

[Event "Logumkloster op"]
[Site "Logumkloster"]
[Date "2019.04.30"]
[Round "4"]
[White "Ambog, Ejvind Osterby"]
[Black "Jensen, Scot Wolfgang"]
[Result "1-0"]
[WhiteElo "1889"]
[BlackElo "1671"]
[PlyCount "41"]
[EventDate "2019.03.26"]
[EventType "swiss"]
[EventRounds "7"]
[EventCountry "DEN"]
[SourceTitle "EXT 2020"]
[Source "ChessBase"]
[SourceDate "2019.10.17"]
[SourceVersion "1"]
[SourceVersionDate "2019.10.17"]
[SourceQuality "1"]

1. Nf3 d5 2. g3 Nc6 3. Bg2 Nf6 4. 0-0 e5 5. d3 h6 6. Nbd2 Be6 7. e4 d4 8. b3 Bb4 9. Nc4 Bxc4 10. bxc4 Bc3 11. Rb1 b6 12. Bd2 Bxd2 13. Qxd2 Qd6 14. Nh4 Ne7 15. f4 Ng4 16. fxe5 Qxe5 17. Nf5 g6 18. Nxe7 Kxe7 19. c5 Qxc5 20. Qf4 Ne5 21. Qf6+ 1-0

[Event "Border op 9th"]
[Site "Niebuell,Leck,Tonder,Oster Ho"]
[Date "2019.03.04"]
[Round "7"]
[White "Jensen, Scot Wolfgang"]
[Black "Falsig, Niels"]
[Result "0-1"]
[WhiteElo "1674"]
[BlackElo "1821"]
[PlyCount "96"]
[EventDate "2018.09.24"]
[EventType "swiss"]
[EventRounds "9"]
[EventCountry "DEN"]
[SourceTitle "EXT 2020"]
[Source "ChessBase"]
[SourceDate "2019.10.17"]
[SourceVersion "1"]
[SourceVersionDate "2019.10.17"]
[SourceQuality "1"]

1. e4 d5 2. exd5 Nf6 3. c4 c6 4. dxc6 Nxc6 5. Nc3 e5 6. h3 Bc5 7. d3 0-0 8. Bg5 Qb6 9. Qd2 Nd4 10. Na4 Qb4 11. Nc3 Bf5 12. Nge2 Rfe8 13. Bxf6 gxf6 14. 0-0-0 Qa5 15. Nxd4 Bxd4 16. a3 Rac8 17. Qc2 Rxc4 18. Qb3 Rc7 19. Kb1 Be6 20. Qb5 Qxb5 21. Nxb5 Rd7 22. f3 Be3 23. g4 Red8 24. Nc3 Bc4 25. Ne4 Kg7 26. h4 Bxd3+ 27. Bxd3 Rxd3 28. Rxd3 Rxd3 29. g5 f5 30. Nf6 Bf2 31. Rh3 e4 32. Nh5+ Kf8 33. Nf6 Rxf3 34. Rxf3 exf3 35. Nd7+ Kg7 36. Ne5 Bxh4 37. Nxf3 Bg3 38. Kc2 Kg6 39. Kd3 f6 40. gxf6 Kxf6 41. b3 h5 42. a4 h4 43. Ng1 Kg5 44. Ke3 Kg4 45. Ke2 h3 46. Nxh3 Kxh3 47. Kf3 Bd6 48. Kf2 Kg4 0-1

[Event "Border op 9th"]
[Site "Niebuell,Leck,Tonder,Oster Ho"]
[Date "2018.11.12"]
[Round "3"]
[White "Kania, Lutz"]
[Black "Jensen, Scot Wolfgang"]
[Result "1-0"]
[WhiteElo "1560"]
[BlackElo "1674"]
[PlyCount "97"]
[EventDate "2018.09.24"]
[EventType "swiss"]
[EventRounds "9"]
[EventCountry "DEN"]
[SourceTitle "EXT 2020"]
[Source "ChessBase"]
[SourceDate "2019.10.17"]
[SourceVersion "1"]
[SourceVersionDate "2019.10.17"]
[SourceQuality "1"]

1. c4 e5 2. g3 Nc6 3. Bg2 Bc5 4. Nc3 Nf6 5. Nf3 d6 6. d3 Bf5 7. a3 Qd7 8. 0-0 Bh3 9. b4 Bxg2 10. Kxg2 Bd4 11. Bb2 h5 12. b5 Ne7 13. e3 Bc5 14. d4 exd4 15. exd4 Bb6 16. Qb3 0-0-0 17. c5 dxc5 18. dxc5 Bxc5 19. Ne5 Qe6 20. Qxe6+ fxe6 21. Nf7 Rhf8 22. Nxd8 Rxd8 23. Rad1 Bd6 24. Rfe1 e5 25. Ne4 Nxe4 26. Rxe4 Ng6 27. Rde1 c6 28. bxc6 bxc6 29. Rd1 Kc7 30. Ra4 Ra8 31. Rd3 a5 32. Rf3 Kb6 33. Rf7 Kb5 34. Re4 Bf8 35. a4+ Kb6 36. f4 Rd8 37. Bxe5 Rd2+ 38. Kh3 Bc5 39. Re1 Ra2 40. Ra1 Nxe5 41. Rb1+ Ka6 42. fxe5 Rxa4 43. Re1 h4 44. e6 hxg3 45. hxg3 Rd4 46. e7 Bxe7 47. Rfxe7 a4 48. R1e4 c5 49. Rxd4 1-0

[Event "Logumkloster-ch"]
[Site "Logumkloster"]
[Date "2018.04.24"]
[Round "3"]
[White "Jensen, Scot Wolfgang"]
[Black "Beck, Kresten"]
[Result "1-0"]
[WhiteElo "1659"]
[BlackElo "1438"]
[PlyCount "33"]
[EventDate "2018.04.03"]
[EventType "swiss"]
[EventRounds "7"]
[EventCountry "DEN"]
[SourceTitle "EXT 2020"]
[Source "ChessBase"]
[SourceDate "2019.10.17"]
[SourceVersion "1"]
[SourceVersionDate "2019.10.17"]
[SourceQuality "1"]

1. e4 e5 2. Nf3 d6 3. Bc4 Be7 4. d4 exd4 5. Qxd4 f6 6. Qd5 Nh6 7. Bxh6 gxh6 8. Qf7+ Kd7 9. Be6+ Kc6 10. Bxc8 Qxc8 11. Qxe7 Re8 12. Qxh7 Kb6 13. Nc3 Nc6 14. 0-0-0 Rh8 15. Nd5+ Ka6 16. Qxc7 Rb8 17. Qxd6 1-0

[Event "Grenzturnering-B 8th"]
[Site "Tonder,Logumkloster,Leck"]
[Date "2018.02.19"]
[Round "6"]
[White "Jensen, Jens Peter"]
[Black "Jensen, Scot Wolfgang"]
[Result "0-1"]
[WhiteElo "1458"]
[BlackElo "1631"]
[PlyCount "52"]
[EventDate "2017.09.26"]
[EventType "tourn"]
[EventRounds "9"]
[EventCountry "DEN"]
[SourceTitle "EXT 2021"]
[Source "ChessBase"]
[SourceDate "2020.10.23"]
[SourceVersion "1"]
[SourceVersionDate "2020.10.23"]
[SourceQuality "1"]

1. e4 e5 2. Nf3 Nc6 3. Bb5 Qf6 4. Nc3 Nge7 5. d3 h6 6. Be3 a6 7. Bxc6 dxc6 8. h3 Be6 9. d4 Ng6 10. d5 cxd5 11. exd5 0-0-0 12. 0-0 Bf5 13. a3 Bd6 14. Na4 Nf4 15. Kh2 e4 16. Bd4 Qg6 17. Nh4 Nxg2+ 18. Kh1 Nxh4 19. Rg1 Bg4 20. Rxg4 Qf5 21. Rxh4 g6 22. Nc3 h5 23. Rxe4 Qxh3+ 24. Kg1 Rde8 25. Qe2 Bh2+ 26. Kh1 Bg3+ 0-1

[Event "Logumkloster B"]
[Site "Oster Hojst"]
[Date "2017.04.18"]
[Round "2"]
[White "Madsen, Nis H"]
[Black "Jensen, Scot Wolfgang"]
[Result "0-1"]
[WhiteElo "1612"]
[BlackElo "1613"]
[PlyCount "64"]
[EventDate "2017.04.04"]
[EventType "swiss"]
[EventRounds "5"]
[EventCountry "DEN"]
[SourceTitle "EXT 2023"]
[Source "ChessBase"]
[SourceDate "2022.10.05"]
[SourceVersion "1"]
[SourceVersionDate "2022.10.05"]
[SourceQuality "1"]

1. e4 e5 2. Bc4 Bc5 3. Nf3 Qf6 4. Nc3 c6 5. a3 d6 6. d3 h6 7. h3 g5 8. g4 a6 9. Be3 Bd4 10. Qe2 Ne7 11. Bxd4 exd4 12. Nd1 Nd7 13. Nh2 Ng6 14. Qf3 Nf4 15. Nf1 Ne5 16. Qg3 h5 17. Nh2 h4 18. Qg1 Nxh3 19. Qg2 Nf4 20. Qg1 Bd7 21. f3 h3 22. Nf2 Ng2+ 23. Ke2 Nf4+ 24. Kf1 0-0-0 25. Qg3 Be6 26. b3 d5 27. exd5 cxd5 28. Bxa6 bxa6 29. c4 dxc3 30. Rc1 d4 31. Ne4 Qe7 32. Nf2 Qxa3 0-1

[Event "DEN-ch Seniors 65+"]
[Site "Logumkloster"]
[Date "2017.02.18"]
[Round "7"]
[White "Jensen, Hans Askov"]
[Black "Jensen, Scot Wolfgang"]
[Result "0-1"]
[WhiteElo "1540"]
[BlackElo "1691"]
[PlyCount "62"]
[EventDate "2017.02.12"]
[EventType "swiss"]
[EventRounds "7"]
[EventCountry "DEN"]
[SourceTitle "EXT 2018"]
[Source "ChessBase"]
[SourceDate "2017.10.13"]
[SourceVersion "1"]
[SourceVersionDate "2017.10.13"]
[SourceQuality "1"]

1. e4 e5 2. Nf3 Nc6 3. Bb5 d6 4. 0-0 a6 5. Ba4 b5 6. Bb3 Nf6 7. Nc3 Be6 8. Nd5 Nxe4 9. d4 Bg4 10. h3 Bh5 11. Qd3 Nf6 12. Nxf6+ Qxf6 13. Bd5 Nb4 14. Qb3 Nxd5 15. Qxd5 Bxf3 16. dxe5 Bxd5 17. exf6 gxf6 18. Re1+ Be6 19. f4 f5 20. Bd2 h5 21. Bc3 Rh6 22. Re3 Kd7 23. Rae1 d5 24. Be5 Bc5 25. Kh1 Bxe3 26. Rxe3 Rg8 27. Rc3 c6 28. Ra3 Ra8 29. Ra5 Rg6 30. a4 Rg3 31. axb5 cxb5 0-1

[Event "DEN-ch Seniors 65+"]
[Site "Logumkloster"]
[Date "2017.02.14"]
[Round "3"]
[White "Jensen, Jens Peter"]
[Black "Jensen, Scot Wolfgang"]
[Result "0-1"]
[WhiteElo "1518"]
[BlackElo "1691"]
[PlyCount "74"]
[EventDate "2017.02.12"]
[EventType "swiss"]
[EventRounds "7"]
[EventCountry "DEN"]
[SourceTitle "EXT 2018"]
[Source "ChessBase"]
[SourceDate "2017.10.13"]
[SourceVersion "1"]
[SourceVersionDate "2017.10.13"]
[SourceQuality "1"]

1. e4 e5 2. Bc4 Nf6 3. Nc3 c6 4. a3 a6 5. a4 Bc5 6. Nf3 d6 7. h3 h6 8. d4 exd4 9. Nxd4 Qe7 10. 0-0 Nbd7 11. Be3 Ne5 12. Bb3 g5 13. Nf5 Bxf5 14. Bxc5 dxc5 15. exf5 Nfd7 16. Ne4 0-0-0 17. Qe2 Nf6 18. Rad1 Nxe4 19. Qxe4 f6 20. Rfe1 Rd6 21. Qe3 Rxd1 22. Rxd1 Re8 23. Be6+ Kc7 24. Qc3 b6 25. a5 b5 26. Qg3 Rd8 27. Rd3 Rxd3 28. cxd3 Qd6 29. f4 Qd4+ 30. Qf2 Qxf2+ 31. Kxf2 Nxd3+ 32. Ke3 Nxf4 33. h4 Nxe6 34. fxe6 Kd6 35. g3 Kxe6 36. h5 Ke5 37. g4 c4 0-1

[Event "Grenzturnering 1617"]
[Site "Denmark"]
[Date "2016.10.24"]
[Round "2"]
[White "Palm, Eivind"]
[Black "Jensen, Scot Wolfgang"]
[Result "1-0"]
[WhiteElo "1787"]
[BlackElo "1578"]
[PlyCount "55"]
[EventDate "2016.09.27"]
[EventType "swiss"]
[EventRounds "9"]
[EventCountry "DEN"]
[SourceTitle "EXT 2023"]
[Source "ChessBase"]
[SourceDate "2022.10.05"]
[SourceVersion "1"]
[SourceVersionDate "2022.10.05"]
[SourceQuality "1"]

1. Nf3 d6 2. d4 Nf6 3. g3 c6 4. Bg2 Nbd7 5. c4 h6 6. Nc3 e6 7. 0-0 Be7 8. e4 e5 9. Re1 a6 10. b3 Qc7 11. Bb2 b5 12. Rc1 b4 13. Na4 Bb7 14. dxe5 dxe5 15. c5 Rd8 16. Qc2 g5 17. Red1 g4 18. Nh4 Nh5 19. Nf5 Bf6 20. Qc4 Rh7 21. Rd6 Bg5 22. Rcd1 f6 23. Qg8+ Nf8 24. Rxd8+ Qxd8 25. Rxd8+ Kxd8 26. Qxf8+ Kc7 27. Qd6+ Kc8 28. Nb6# 1-0

[Event "Grenzturnering 1617"]
[Site "Denmark"]
[Date "2016.09.27"]
[Round "1"]
[White "Jensen, Scot Wolfgang"]
[Black "Thieme, Daniel Otis"]
[Result "0-1"]
[WhiteElo "1578"]
[BlackElo "1908"]
[PlyCount "90"]
[EventDate "2016.09.27"]
[EventType "swiss"]
[EventRounds "9"]
[EventCountry "DEN"]
[SourceTitle "EXT 2023"]
[Source "ChessBase"]
[SourceDate "2022.10.05"]
[SourceVersion "1"]
[SourceVersionDate "2022.10.05"]
[SourceQuality "1"]

1. e4 c5 2. Nc3 Nc6 3. Nf3 d6 4. h3 g6 5. Bc4 Bg7 6. d3 a6 7. a3 e6 8. Bd2 Nge7 9. Qc1 d5 10. Ba2 Nd4 11. Nxd4 cxd4 12. Ne2 dxe4 13. Bh6 Bxh6 14. Qxh6 Nf5 15. Qf4 exd3 16. cxd3 Qa5+ 17. b4 Qxa3 18. 0-0 Qxd3 19. Ng3 Nxg3 20. fxg3 Qe3+ 21. Kh2 Qxf4 22. Rxf4 Bd7 23. Rxd4 Rd8 24. Rad1 Ke7 25. Rf4 Bc6 26. Rdf1 Rhe8 27. R1f2 Bd5 28. Bb1 Rc8 29. Bd3 Rc3 30. Bf1 f5 31. Rd4 Rd8 32. Rfd2 Rd7 33. b5 a5 34. Be2 b6 35. Bf3 Rc5 36. Be2 e5 37. Ra4 Bb3 38. Rxd7+ Kxd7 39. Ra3 a4 40. Ra1 Rd5 41. Rc1 Rd2 42. Bc4 Bxc4 43. Rxc4 a3 44. Ra4 a2 45. h4 Kd6 0-1

[Event "Grenzturnering Basis 1516"]
[Site "Denmark"]
[Date "2016.05.03"]
[Round "8"]
[White "Jensen, Scot Wolfgang"]
[Black "Svendsen, Gunnar Lind Hasse"]
[Result "1/2-1/2"]
[WhiteElo "1505"]
[BlackElo "1534"]
[PlyCount "52"]
[EventDate "2015.10.20"]
[EventType "tourn"]
[EventRounds "9"]
[EventCountry "DEN"]
[SourceTitle "EXT 2023"]
[Source "ChessBase"]
[SourceDate "2022.10.05"]
[SourceVersion "1"]
[SourceVersionDate "2022.10.05"]
[SourceQuality "1"]

1. e4 c6 2. a3 d5 3. e5 Bf5 4. d4 e6 5. h3 h6 6. Bd3 Bxd3 7. Qxd3 Nd7 8. Nd2 Ne7 9. c4 Nf5 10. c5 Be7 11. Ngf3 b5 12. g4 Nh4 13. Nxh4 Bxh4 14. Nf3 a5 15. b3 a4 16. b4 Qe7 17. Bf4 0-0-0 18. Qe3 Nf8 19. Ke2 Ng6 20. Bg3 Rde8 21. Rag1 Rhf8 22. Nxh4 Nxh4 23. f4 f5 24. Bxh4 Qxh4 25. g5 Rg8 26. Qf3 g6 1/2-1/2

[Event "Grenzturnering Basis 1516"]
[Site "Denmark"]
[Date "2016.04.05"]
[Round "2"]
[White "Eis, Harald"]
[Black "Jensen, Scot Wolfgang"]
[Result "0-1"]
[WhiteElo "1476"]
[BlackElo "1505"]
[PlyCount "66"]
[EventDate "2015.10.20"]
[EventType "tourn"]
[EventRounds "9"]
[EventCountry "DEN"]
[SourceTitle "EXT 2023"]
[Source "ChessBase"]
[SourceDate "2022.10.05"]
[SourceVersion "1"]
[SourceVersionDate "2022.10.05"]
[SourceQuality "1"]

1. e4 e5 2. Nf3 Nc6 3. Bb5 Bd6 4. d4 exd4 5. Nxd4 Qf6 6. Bxc6 dxc6 7. 0-0 Be5 8. c3 h5 9. f4 Bxd4+ 10. Qxd4 b6 11. e5 Qf5 12. Qc4 Bb7 13. Nd2 0-0-0 14. Nf3 Ne7 15. Nd4 Qe4 16. Qxf7 c5 17. Nf3 Nd5 18. Nh4 Kb8 19. Qf5 Qe2 20. Qh3 Ne7 21. Qe3 Qg4 22. Qg3 Qe2 23. Re1 Qc2 24. Qf2 Qa4 25. b3 Qc6 26. Be3 Rhf8 27. Qg3 g6 28. c4 Nf5 29. Nxf5 gxf5 30. Qf3 Qh6 31. Qe2 Rg8 32. g3 h4 33. Bf2 Qc6 0-1

[Event "Grenzturnering Basis 1516"]
[Site "Denmark"]
[Date "2016.04.04"]
[Round "7"]
[White "Jensen, Scot Wolfgang"]
[Black "Jensen, Jens Peter"]
[Result "1-0"]
[WhiteElo "1505"]
[BlackElo "1341"]
[PlyCount "121"]
[EventDate "2015.10.20"]
[EventType "tourn"]
[EventRounds "9"]
[EventCountry "DEN"]
[SourceTitle "EXT 2023"]
[Source "ChessBase"]
[SourceDate "2022.10.05"]
[SourceVersion "1"]
[SourceVersionDate "2022.10.05"]
[SourceQuality "1"]

1. e4 e5 2. a3 d6 3. Nc3 c6 4. Bc4 Be7 5. d3 Nf6 6. h3 Nbd7 7. f4 Nb6 8. Ba2 exf4 9. Bxf4 Nbd7 10. Nf3 h6 11. Qe2 Nh5 12. Bh2 0-0 13. g4 Bh4+ 14. Nxh4 Qxh4+ 15. Qf2 Qxf2+ 16. Kxf2 Nhf6 17. Rhf1 Ne8 18. Ke2 h5 19. gxh5 Ndf6 20. Bxd6 Nxd6 21. h6 Bxh3 22. Rf4 Rae8 23. Rh1 Bg4+ 24. Kd2 Re5 25. hxg7 Kxg7 26. Rhf1 Nde8 27. d4 Rh5 28. e5 Rh2+ 29. Kc1 Be6 30. exf6+ Nxf6 31. Rxf6 Bxa2 32. Nxa2 Rh6 33. Rxh6 Kxh6 34. Rg1 f5 35. Kd2 Rd8 36. c3 c5 37. Kd3 b6 38. Nc1 b5 39. b3 a5 40. a4 bxa4 41. bxa4 Rd6 42. Nb3 cxd4 43. Nxd4 Kh5 44. Kc4 f4 45. Kc5 Rd8 46. c4 Rb8 47. Nc6 Rb2 48. Nxa5 f3 49. Nc6 f2 50. Rf1 Kg4 51. Ne5+ Kg3 52. Nd3 Ra2 53. Rxf2 Rxa4 54. Rf8 Ra3 55. Nb4 Kg4 56. Kc6 Rc3 57. c5 Kg5 58. Nd5 Rc1 59. Kd6 Kg6 60. c6 Kg7 61. Rf2 1-0

[Event "Grenzturnering Basis 1516"]
[Site "Denmark"]
[Date "2016.03.08"]
[Round "6"]
[White "Heremec, Adis"]
[Black "Jensen, Scot Wolfgang"]
[Result "0-1"]
[WhiteElo "1257"]
[BlackElo "1505"]
[PlyCount "114"]
[EventDate "2015.10.20"]
[EventType "tourn"]
[EventRounds "9"]
[EventCountry "DEN"]
[SourceTitle "EXT 2023"]
[Source "ChessBase"]
[SourceDate "2022.10.05"]
[SourceVersion "1"]
[SourceVersionDate "2022.10.05"]
[SourceQuality "1"]

1. d4 d5 2. c4 Nf6 3. cxd5 Nxd5 4. e4 Nb6 5. Nf3 Bg4 6. Be2 e6 7. a3 a6 8. Nc3 Be7 9. Be3 0-0 10. 0-0 N8d7 11. Nd2 Bxe2 12. Qxe2 Nf6 13. Qf3 Rc8 14. Qg3 Nh5 15. Qg4 g6 16. b3 Nd7 17. Nf3 f5 18. exf5 exf5 19. Qh3 Ndf6 20. Bg5 Ng4 21. Bxe7 Qxe7 22. Qh4 Qxh4 23. Nxh4 Nhf6 24. h3 Nh6 25. Rfe1 Rfe8 26. Re5 Rcd8 27. Nf3 Nf7 28. Rxe8+ Rxe8 29. Re1 Rxe1+ 30. Nxe1 Nd6 31. Nd3 Nde4 32. Nxe4 Nxe4 33. Nc5 Nxc5 34. dxc5 Kf7 35. f4 Ke6 36. Kf2 Kd5 37. b4 Kc4 38. Ke3 b6 39. cxb6 cxb6 40. g3 a5 41. bxa5 bxa5 42. g4 Kb3 43. gxf5 gxf5 44. Kd4 a4 45. Ke5 Kxa3 46. Kxf5 Kb3 47. Kf6 a3 48. Kg7 a2 49. Kxh7 a1Q 50. Kg6 Qg1+ 51. Kh5 Kc4 52. h4 Kd5 53. Kh6 Ke6 54. f5+ Kxf5 55. h5 Kf6 56. Kh7 Kf7 57. h6 Qg8# 0-1

[Event "Grenzturnering-B 1415"]
[Site "Denmark"]
[Date "2015.02.24"]
[Round "5"]
[White "Maas, Ralf"]
[Black "Jensen, Scot Wolfgang"]
[Result "0-1"]
[WhiteElo "1193"]
[BlackElo "1484"]
[PlyCount "48"]
[EventDate "2014.09.23"]
[EventType "swiss"]
[EventRounds "7"]
[EventCountry "DEN"]
[SourceTitle "EXT 2023"]
[Source "ChessBase"]
[SourceDate "2022.10.05"]
[SourceVersion "1"]
[SourceVersionDate "2022.10.05"]
[SourceQuality "1"]

1. d4 d5 2. Nf3 Nc6 3. e3 a6 4. c3 Bf5 5. Bd3 Qd7 6. Bxf5 Qxf5 7. 0-0 Nf6 8. Qe2 g5 9. h3 e6 10. Nbd2 Bd6 11. Nh2 h5 12. Qf3 Qg6 13. g3 g4 14. Qg2 gxh3 15. Qxh3 0-0-0 16. Ndf3 Rdg8 17. Nh4 Qc2 18. f4 Ne4 19. Rf3 Be7 20. Nf1 Qd1 21. Kg2 Qe2+ 22. Kh1 Bxh4 23. gxh4 Nf2+ 24. Rxf2 Qxf2 0-1

[Event "Grenzturnering-B 1415"]
[Site "Denmark"]
[Date "2014.09.23"]
[Round "1"]
[White "Svendsen, Gunnar Lind Hasse"]
[Black "Jensen, Scot Wolfgang"]
[Result "0-1"]
[WhiteElo "1552"]
[BlackElo "1484"]
[PlyCount "98"]
[EventDate "2014.09.23"]
[EventType "swiss"]
[EventRounds "7"]
[EventCountry "DEN"]
[SourceTitle "EXT 2023"]
[Source "ChessBase"]
[SourceDate "2022.10.05"]
[SourceVersion "1"]
[SourceVersionDate "2022.10.05"]
[SourceQuality "1"]

1. c4 e5 2. g3 Bc5 3. Bg2 a6 4. e3 Nf6 5. Nc3 d6 6. Nge2 Nbd7 7. 0-0 Nb6 8. b3 c6 9. d4 Bb4 10. dxe5 dxe5 11. Qxd8+ Kxd8 12. Rd1+ Kc7 13. Bb2 Re8 14. a3 Bxc3 15. Nxc3 Bf5 16. e4 Bg6 17. f3 Nfd7 18. Bf1 f6 19. a4 Rad8 20. a5 Nc8 21. b4 f5 22. exf5 Bxf5 23. Re1 Nd6 24. c5 Nf7 25. Rad1 Nf6 26. Rxd8 Rxd8 27. Rd1 Nd5 28. Nxd5+ cxd5 29. Re1 d4 30. Bc4 Ng5 31. Kg2 e4 32. fxe4 Bxe4+ 33. Kf2 Rf8+ 34. Ke2 Rd8 35. Bd3 Bc6 36. Kd1 g6 37. Re7+ Kb8 38. h4 Nf3 39. Rxh7 Re8 40. Be2 Ba4+ 41. Kc1 Rxe2 42. Kb1 Bb3 43. Bc1 Kc8 44. Rh8+ Kd7 45. Rh7+ Kc6 46. Bf4 Bd5 47. Rg7 Kb5 48. Kc1 Kxb4 49. Rxg6 Kc3 0-1

[Event "Grenzturnering 1314"]
[Site "Denmark"]
[Date "2014.02.25"]
[Round "5"]
[White "Jensen, Scot Wolfgang"]
[Black "Eis, Harald"]
[Result "1-0"]
[WhiteElo "1439"]
[BlackElo "1770"]
[PlyCount "47"]
[EventDate "2013.09.24"]
[EventType "swiss"]
[EventRounds "7"]
[EventCountry "DEN"]
[SourceTitle "EXT 2023"]
[Source "ChessBase"]
[SourceDate "2022.10.05"]
[SourceVersion "1"]
[SourceVersionDate "2022.10.05"]
[SourceQuality "1"]

1. e4 b6 2. a3 Bb7 3. Nc3 g6 4. Bc4 Bg7 5. Qf3 e6 6. Nge2 Qf6 7. Qxf6 Nxf6 8. f3 d5 9. exd5 exd5 10. Ba2 0-0 11. 0-0 Re8 12. Re1 c5 13. d3 Nbd7 14. Nb5 Ba6 15. Nc7 Bb7 16. Nxa8 Bxa8 17. Bd2 Ne5 18. Nf4 d4 19. Re2 Bh6 20. Kf2 g5 21. Nh3 g4 22. Bxh6 gxh3 23. gxh3 Bxf3 24. Rxe5 1-0